<?xml version="1.0" encoding="UTF-8"?>
<record
    xmlns:xsi="http://www.w3.org/2001/XMLSchema-instance"
    xsi:schemaLocation="http://www.loc.gov/MARC21/slim http://www.loc.gov/standards/marcxml/schema/MARC21slim.xsd"
    xmlns="http://www.loc.gov/MARC21/slim">

  <leader>00500nam a22001337a 4500</leader>
  <datafield tag="082" ind1=" " ind2=" ">
    <subfield code="a">385.1</subfield>
    <subfield code="b">ECO</subfield>
    <subfield code="c">D</subfield>
  </datafield>
  <datafield tag="110" ind1=" " ind2=" ">
    <subfield code="a">TRANSPORTATION AND WATER DEPARTMENT</subfield>
    <subfield code="9">38378</subfield>
  </datafield>
  <datafield tag="245" ind1=" " ind2=" ">
    <subfield code="a">THE ECONOMIC ROLE OF RAILWAYS DETERMINANTS OF RAILWAY TRAFFIC WORKING PAPERS </subfield>
    <subfield code="b">THE ECONOMIC ROLE OF RAILWAYS DETERMINANTS OF RAILWAY TRAFFIC WORKING PAPERS </subfield>
  </datafield>
  <datafield tag="260" ind1=" " ind2=" ">
    <subfield code="a">WASHINGTON DC</subfield>
    <subfield code="b">THE WORLD BANK</subfield>
    <subfield code="c">1979</subfield>
  </datafield>
  <datafield tag="300" ind1=" " ind2=" ">
    <subfield code="a">140P.:</subfield>
    <subfield code="c">25CM</subfield>
  </datafield>
  <datafield tag="526" ind1=" " ind2=" ">
    <subfield code="a">0</subfield>
    <subfield code="b">0</subfield>
    <subfield code="c">0</subfield>
    <subfield code="d">385_100000000000000_ECO</subfield>
  </datafield>
  <datafield tag="650" ind1=" " ind2=" ">
    <subfield code="a">NUST</subfield>
    <subfield code="9">6342</subfield>
  </datafield>
  <datafield tag="942" ind1=" " ind2=" ">
    <subfield code="2">ddc</subfield>
    <subfield code="c">BK</subfield>
  </datafield>
  <datafield tag="999" ind1=" " ind2=" ">
    <subfield code="c">543001</subfield>
    <subfield code="d">543001</subfield>
  </datafield>
  <datafield tag="952" ind1=" " ind2=" ">
    <subfield code="0">0</subfield>
    <subfield code="1">0</subfield>
    <subfield code="2">ddc</subfield>
    <subfield code="4">0</subfield>
    <subfield code="7">0</subfield>
    <subfield code="a">MCE</subfield>
    <subfield code="b">MCE</subfield>
    <subfield code="d">2014-02-28</subfield>
    <subfield code="l">0</subfield>
    <subfield code="o">385.1 ECO</subfield>
    <subfield code="p">MCE-43212</subfield>
    <subfield code="r">2014-02-28</subfield>
    <subfield code="w">2014-02-28</subfield>
    <subfield code="y">BK</subfield>
  </datafield>
</record>
